[Event "SR 3. liga A2 2004/2005"]
[Site "?"]
[Date "2005.??.??"]
[Round "?"]
[White "Puchart, Vladimir"]
[Black "Skapikova, Lubica"]
[Result "0-1"]
[WhiteElo "2085"]
[BlackElo "2000"]
[Annotator "Trnava B - Senica B"]
[PlyCount "58"]
[EventDate "2004.??.??"]

1. d4 Nf6 2. c4 g6 3. Nc3 Bg7 4. e4 d6 5. Bd3 O-O 6. Nge2 e5 7. d5 Nh5 8. Be3
Na6 9. f3 f5 10. Qd2 Nc5 11. Bc2 f4 12. Bf2 g5 13. g4 Nf6 14. h4 Bxg4 15. fxg4
Nxg4 16. hxg5 Qxg5 17. Bxc5 dxc5 18. O-O-O h5 19. Rdg1 Qg6 20. Kb1 f3 21. Rxg4
Qxg4 22. Rg1 f2 23. Rf1 Qg2 24. Qd1 h4 25. Bd3 h3 26. Nc1 h2 27. Qh5 Rf3 28.
Be2 Rh3 29. Qf5 h1=Q 0-1

[Event "SR 3. liga A2 2004/2005"]
[Site "?"]
[Date "2005.??.??"]
[Round "?"]
[White "Zisek, Jaroslav"]
[Black "Krist, Milan"]
[Result "1/2-1/2"]
[WhiteElo "1770"]
[BlackElo "2000"]
[Annotator "Trnava B - Senica B"]
[PlyCount "27"]
[EventDate "2004.??.??"]

1. c4 e6 2. Nc3 Nf6 3. e4 e5 4. g3 Nc6 5. Bg2 d6 6. Nge2 Bd7 7. d3 h6 8. O-O a6
9. h3 g5 10. Be3 Bg7 11. Rc1 Qc8 12. Kh2 Nh7 13. d4 O-O 14. Qd2 1/2-1/2

[Event "SR 3. liga A2 2004/2005"]
[Site "?"]
[Date "2005.??.??"]
[Round "?"]
[White "Puskas, Miroslav"]
[Black "Havlicek, Peter"]
[Result "1/2-1/2"]
[WhiteElo "2070"]
[BlackElo "1675"]
[Annotator "Trnava B - Senica B"]
[PlyCount "51"]
[EventDate "2004.??.??"]

1. e4 e5 2. Nf3 d6 3. Bc4 Nf6 4. d3 Be7 5. c3 Bg4 6. h3 Bh5 7. Bg5 O-O 8. Nbd2
Nc6 9. b4 a6 10. a4 h6 11. Bxf6 Bxf6 12. g4 Bg6 13. h4 Rb8 14. Nf1 Re8 15. Qd2
Be7 16. Ng3 Qd7 17. Nf5 Bf8 18. h5 Bxf5 19. gxf5 Kh7 20. Ke2 f6 21. Qa2 Ne7 22.
Nh4 d5 23. Bxd5 Nxd5 24. Qxd5 Qxd5 25. exd5 Rbd8 26. Ng6 $11 1/2-1/2

[Event "SR 3. liga A2 2004/2005"]
[Site "?"]
[Date "2005.??.??"]
[Round "?"]
[White "Beran, Jan"]
[Black "Mosny, Jaroslav"]
[Result "0-1"]
[WhiteElo "1690"]
[BlackElo "2040"]
[Annotator "Trnava B - Senica B"]
[PlyCount "140"]
[EventDate "2004.??.??"]

1. d4 d5 2. c4 e6 3. Nc3 Nf6 4. Nf3 Nbd7 5. a3 c5 6. e3 b6 7. cxd5 exd5 8. Bb5
Bb7 9. Ne5 a6 10. Nxd7 Nxd7 11. Be2 Be7 12. O-O O-O 13. Bf3 c4 14. Nxd5 Bxd5
15. Bxd5 Rc8 16. Bb7 Rc7 17. Bxa6 Nf6 18. Bb5 Qd5 19. a4 Bd6 20. Qf3 Ne4 21.
Bd2 Qe6 22. Bc3 g5 23. Qe2 g4 24. g3 h5 25. f3 Ng5 26. fxg4 hxg4 27. Rae1 Qe4
28. Qg2 f5 29. Qxe4 fxe4 30. Rxf8+ Bxf8 31. Rf1 Nf3+ 32. Kg2 Bd6 33. Rh1 Ng5
34. Rf1 Nf3 35. h3 gxh3+ 36. Kxh3 Rh7+ 37. Kg4 Nh2+ 38. Kf5 Nxf1 39. Bxc4+ Kf8
40. Bxf1 Rf7+ 41. Ke6 Rxf1 42. Kxd6 Rf3 43. Bd2 Rf2 44. Bc3 Re2 45. Ke5 Rxe3
46. Kf4 Re2 47. g4 Ke7 48. g5 Ke6 49. Kg4 Rf2 50. Kg3 Rf1 51. Kg2 Rf3 52. a5
bxa5 53. Bxa5 Kf5 54. Bd8 Rb3 55. Kf2 Kf4 56. g6 Rxb2+ 57. Ke1 Rg2 58. d5 Ke5
59. g7 Rxg7 60. Ke2 Kxd5 61. Ke3 Rf7 62. Bb6 Rf3+ 63. Ke2 Rb3 64. Ba7 Ke5 65.
Be3 Rb2+ 66. Ke1 Kf5 67. Bd2 Kg4 68. Ke2 Rxd2+ 69. Kxd2 Kf3 70. Ke1 Ke3 0-1

[Event "SR 3. liga A2 2004/2005"]
[Site "?"]
[Date "2005.??.??"]
[Round "?"]
[White "Vyboch, Jozef"]
[Black "Palka, Martin"]
[Result "1/2-1/2"]
[WhiteElo "1980"]
[BlackElo "1650"]
[Annotator "Trnava B - Senica B"]
[PlyCount "26"]
[EventDate "2004.??.??"]

1. e4 c5 2. Nf3 d6 3. d4 cxd4 4. Nxd4 Nf6 5. Nc3 a6 6. Be2 e5 7. Nb3 Be6 8. Bf3
Nbd7 9. a4 Qc7 10. O-O Rc8 11. a5 Be7 12. Be3 O-O 13. Re1 Nc5 $11 1/2-1/2

[Event "SR 3. liga A2 2004/2005"]
[Site "?"]
[Date "2005.??.??"]
[Round "?"]
[White "Meszaros, Lorant"]
[Black "Blatnicky, Miroslav"]
[Result "1-0"]
[WhiteElo "2080"]
[BlackElo "2010"]
[Annotator "Orechova Poton - Vrbove"]
[PlyCount "105"]
[EventDate "2004.??.??"]

1. d4 d5 2. c4 e6 3. Nf3 Nf6 4. g3 c6 5. Bg2 Nbd7 6. Qc2 Be7 7. O-O h5 8. h4
Ne4 9. Nc3 Ndf6 10. Ne5 Nxc3 11. Qxc3 Ng4 12. Nf3 Bf6 13. Bg5 Bxg5 14. Nxg5 f6
15. Nf3 g5 16. Qd3 Rh6 17. e4 dxc4 18. Qxc4 Bd7 19. a4 Qc7 20. d5 exd5 21. exd5
O-O-O 22. Rac1 gxh4 23. dxc6 Bxc6 24. Nxh4 Ne5 25. Qf4 Qh7 26. b4 Nd3 27. Bh3+
Rd7 28. Bxd7+ Kxd7 29. Qd4+ Ke8 30. Qe3+ Kf8 31. Rxc6 bxc6 32. Rd1 Ne5 33. f4
Nf7 34. Qc5+ Kg8 35. Qxc6 Kh8 36. Re1 Qd3 37. Qc8+ Kg7 38. Nf5+ Kh7 39. Qe6 Kg6
40. Nh4+ Kg7 41. Qe3 Qxe3+ 42. Rxe3 Rh8 43. Re7 Ra8 44. b5 Kf8 45. Ng6+ Kg7 46.
f5 Kg8 47. Nf4 Nd6 48. Nxh5 a6 49. b6 Rb8 50. Nxf6+ Kf8 51. Rh7 Rb7 52. Rxb7
Nxb7 53. Ne4 1-0

[Event "SR 3. liga A2 2004/2005"]
[Site "?"]
[Date "2005.??.??"]
[Round "?"]
[White "Krchnak, Rudolf"]
[Black "Szekely, Stefan"]
[Result "1-0"]
[WhiteElo "1790"]
[BlackElo "2060"]
[Annotator "Orechova Poton - Vrbove"]
[PlyCount "93"]
[EventDate "2004.??.??"]

1. d4 d6 2. Nc3 Nf6 3. e4 g6 4. f4 Bg7 5. Nf3 O-O 6. Be3 c6 7. Be2 b5 8. a3
Nbd7 9. e5 Ng4 10. Bg1 Nh6 11. Ne4 Nb6 12. h3 Nd5 13. Qd2 Bf5 14. Bd3 Bxe4 15.
Bxe4 f5 16. Bd3 a5 17. Bf2 Nc7 18. O-O d5 19. Bh4 Ne6 20. Rfc1 Re8 $11 21. a4
Qb6 22. Bf2 Nf7 23. Be3 b4 24. c4 Rac8 25. cxd5 cxd5 26. Bb5 Red8 27. Rxc8 Rxc8
28. Rc1 Rxc1+ 29. Qxc1 Qc7 30. Qxc7 Nxc7 31. Bd7 Bf8 $11 32. Nd2 Na8 33. Nb3
Nb6 34. Bb5 Nc4 35. Bxc4 dxc4 36. Nxa5 c3 37. bxc3 bxc3 38. d5 Nd8 39. Kf2 h6
40. Ke2 g5 41. g3 Bg7 42. Kd3 Nf7 43. Nc6 h5 44. Nxe7+ Kf8 45. Nxf5 h4 46. Nxg7
Kxg7 47. gxh4 1-0

[Event "SR 3. liga A2 2004/2005"]
[Site "?"]
[Date "2005.??.??"]
[Round "?"]
[White "Both, Lajos"]
[Black "Smrek, Peter"]
[Result "1-0"]
[WhiteElo "1995"]
[BlackElo "1700"]
[Annotator "Orechova Poton - Vrbove"]
[PlyCount "103"]
[EventDate "2004.??.??"]

1. d4 g6 2. e4 d6 3. f4 Bg7 4. Be3 Nf6 5. Nc3 O-O 6. h3 Nbd7 7. Nf3 Nh5 8. Rh2
e5 9. fxe5 dxe5 10. d5 f5 11. Bg5 Bf6 12. Bxf6 Nhxf6 13. exf5 gxf5 14. Bc4 Kh8
15. Qd2 Nb6 16. Bb3 e4 17. Ne5 Qd6 18. Qh6 Bd7 19. Ng6+ Kg8 20. Nf4 Rae8 21.
O-O-O Rf7 22. g3 Rg7 23. Rg2 Kh8 24. a3 Reg8 25. Nce2 Bb5 26. Nd4 Bd7 27. Nde6
Bxe6 28. Qxf6 Bc8 29. Qc3 h6 30. Nh5 Kh7 31. Nxg7 Rxg7 32. Qe3 Qe5 33. Qg1 Bd7
34. Kb1 a6 35. Qd4 Qxd4 36. Rxd4 e3 37. Kc1 c5 38. dxc6 Bxc6 39. Rg1 Nd7 40.
Be6 Kg6 41. g4 Kf6 42. Bxf5 Ne5 43. Be4 Bb5 44. b3 Re7 45. c4 Bc6 46. Bxc6 bxc6
47. Rf1+ Kg5 48. Kd1 Ng6 49. Ke2 Rb7 50. b4 c5 51. Rd5+ Kh4 52. Rf3 1-0

[Event "SR 3. liga A2 2004/2005"]
[Site "?"]
[Date "2005.??.??"]
[Round "?"]
[White "Lajda, Dusan"]
[Black "Varga, Alexander"]
[Result "0-1"]
[WhiteElo "1750"]
[BlackElo "1850"]
[Annotator "Orechova Poton - Vrbove"]
[PlyCount "62"]
[EventDate "2004.??.??"]

1. e4 e6 2. d4 d5 3. Nc3 Bb4 4. e5 c5 5. a3 cxd4 6. axb4 dxc3 7. bxc3 Qc7 8.
Qd4 Nc6 9. Bb5 Nge7 10. f4 O-O 11. Bxc6 Nxc6 12. Qe3 d4 13. Qd3 dxc3 14. Qxc3
Qb6 15. Rb1 Ne7 16. Ne2 Nd5 17. Qb3 Qc7 18. c4 Ne7 19. O-O b6 20. b5 Bb7 21.
Ba3 Rfd8 22. Rbd1 Nf5 23. Qc3 Rac8 24. Rxd8+ Rxd8 25. Rc1 Nh4 26. Bd6 Qd7 27.
g3 Nf5 28. Rd1 Ba8 29. Kf2 Qb7 30. Rd3 Qg2+ 31. Ke1 Be4 0-1

[Event "SR 3. liga A2 2004/2005"]
[Site "?"]
[Date "2005.??.??"]
[Round "?"]
[White "Liska, Frantisek"]
[Black "Mikudik, Ivan"]
[Result "1-0"]
[WhiteElo "1995"]
[BlackElo "1650"]
[Annotator "Orechova Poton - Vrbove"]
[PlyCount "115"]
[EventDate "2004.??.??"]

1. d4 Nf6 2. c4 e6 3. a3 b6 4. Bf4 Bb7 5. Nf3 d5 6. e3 Be7 7. Nbd2 O-O 8. Rc1
Nbd7 9. Bd3 c5 10. O-O Rc8 11. cxd5 Nxd5 12. Bg3 cxd4 13. Rxc8 Qxc8 14. Nxd4
Nc5 15. Be2 Rd8 16. Qc2 Nf6 17. Rc1 Nfe4 18. b4 Nxg3 19. hxg3 Nd7 20. Qxc8 Rxc8
21. Rxc8+ Bxc8 22. Nc6 Bf6 23. Nxa7 Bb7 24. Bf3 Bxf3 25. gxf3 Bb2 26. Nc4 Be5
27. a4 Kf8 28. Nc6 Bc7 29. Kf1 Ke8 30. Ke2 Nf6 31. Kd3 h5 32. f4 Nd7 33. Kd4 f6
34. a5 bxa5 35. bxa5 Bxa5 36. N6xa5 g5 37. fxg5 fxg5 38. Ke4 Nf6+ 39. Kf3 Kf7
40. Ne5+ Kg7 41. Nac6 Nd5 42. Nd4 Kf6 43. Nd3 Ke7 44. Nc5 e5 45. Nf5+ Kf6 46.
Nd6 g4+ 47. Ke2 Ne7 48. e4 Ng6 49. Nf5 Kf7 50. Nh4 Ne7 51. Kd3 Nc8 52. Kc4 Kf6
53. Kd5 Nb6+ 54. Kc6 Nc4 55. Nd7+ Ke6 56. Nc5+ Kf6 57. Nf5 Nd2 58. Kd5 1-0

[Event "SR 3. liga A2 2004/2005"]
[Site "?"]
[Date "2005.??.??"]
[Round "?"]
[White "Bernath, Mikulas"]
[Black "Keller, Jozef"]
[Result "1-0"]
[WhiteElo "1935"]
[BlackElo "1625"]
[Annotator "Orechova Poton - Vrbove"]
[PlyCount "77"]
[EventDate "2004.??.??"]

1. d4 d5 2. Nf3 g6 3. c4 Nf6 4. Nc3 Bf5 5. e3 Bg7 6. Be2 O-O 7. O-O Re8 8. Qb3
e6 9. Qxb7 Nbd7 10. cxd5 exd5 11. Nxd5 c5 12. Nxf6+ Bxf6 13. dxc5 Nxc5 14. Qb4
Ne4 15. Rd1 Qc7 16. Nd4 Rab8 17. Qe1 Bd7 18. Bf3 Ng5 19. Be2 Re4 20. b3 Rh4 21.
f4 Ne4 22. Bf3 Re8 23. Bb2 g5 24. Rac1 Qb6 25. Bxe4 Rxe4 26. Qg3 Rg4 27. Qf3
Qb7 28. f5 Qb6 29. Bc3 Be5 30. Rc2 Qf6 31. Rf2 Bc8 32. g3 Bb7 33. Qe2 Qh6 34.
Nb5 Rxg3+ 35. hxg3 Rxe3 36. Rd8+ Kg7 37. Bxe5+ f6 38. Rd7+ Kf8 39. Bd6+ 1-0

[Event "SR 3. liga A2 2004/2005"]
[Site "?"]
[Date "2005.??.??"]
[Round "?"]
[White "Sulek, Viliam"]
[Black "Lahucky, Pavol"]
[Result "1-0"]
[WhiteElo "2160"]
[BlackElo "2085"]
[Annotator "Gabcikovo - Hlohovec jun."]
[PlyCount "93"]
[EventDate "2004.??.??"]

1. e4 e5 2. Nf3 Nc6 3. Bb5 a6 4. Ba4 Be7 5. O-O b5 6. Bb3 Nf6 7. Bd5 Bb7 8. d4
Nxd5 9. exd5 Nxd4 10. Nxe5 Nf5 11. a4 O-O 12. axb5 axb5 13. Rxa8 Bxa8 14. Qd3
Nd6 15. b3 Re8 $11 16. c4 bxc4 17. bxc4 Bf8 18. Bb2 f6 19. Ng4 Ne4 20. Nc3 Nxc3
21. Bxc3 Qe7 22. Qg3 Kh8 23. Qxc7 Qd6 24. Qxd6 Bxd6 25. Ne3 Kg8 26. Ra1 Bc5 27.
Kf1 Bb7 28. Ke2 Kf7 29. Kd3 Ra8 30. Rxa8 Bxa8 31. Bd4 Bd6 32. g3 Bb7 33. Kc3 g6
34. Kb3 f5 35. f4 h5 36. Ka4 Ke8 37. c5 Bf8 38. Kb5 Be7 39. Kb6 Bc8 40. Nc4 d6
41. c6 Kd8 42. Bc3 g5 43. fxg5 Bxg5 44. Nxd6 Be3+ 45. Kb5 f4 46. Ba5+ Ke7 47.
Nxc8+ 1-0

[Event "SR 3. liga A2 2004/2005"]
[Site "?"]
[Date "2005.??.??"]
[Round "?"]
[White "Gajarsky, Roman"]
[Black "Petenyi, Tamas"]
[Result "1-0"]
[WhiteElo "2025"]
[BlackElo "2035"]
[Annotator "Gabcikovo - Hlohovec jun."]
[PlyCount "101"]
[EventDate "2004.??.??"]

1. e4 c5 2. c4 Nc6 3. f4 g6 4. Nf3 Bg7 5. Nc3 d6 6. d3 e6 7. Be2 Nge7 8. Be3 b6
9. d4 cxd4 10. Nxd4 Bb7 11. Ndb5 Nc8 12. e5 dxe5 13. Qxd8+ Kxd8 14. O-O a6 15.
fxe5 Nxe5 16. Rad1+ Ke7 17. Nc7 Rb8 18. c5 f6 19. cxb6 Nd7 20. Nxa6 Bxa6 21.
Bxa6 Ncxb6 22. Bb5 f5 23. a4 Bxc3 24. bxc3 Nd5 25. Bg5+ N7f6 26. c4 h6 27. Bd2
Nc7 28. Bf4 Rhc8 29. Rd2 Rb6 30. Bxh6 Nxb5 31. cxb5 Ra8 32. Rd4 e5 33. Rc4 Nd7
34. Bg5+ Ke6 35. Rd1 Rd6 36. Rxd6+ Kxd6 37. Rc6+ Kd5 38. Be7 Ke4 39. Rc4+ Kd5
40. Rc6 Ke4 41. Rxg6 Rxa4 42. h4 Ra1+ 43. Kh2 Kf4 44. h5 e4 45. Bd6+ Ke3 46.
Rg7 Nf6 47. Be5 Rb1 48. Bxf6 Rxb5 49. h6 f4 50. Bg5 Kf2 51. h7 1-0

[Event "SR 3. liga A2 2004/2005"]
[Site "?"]
[Date "2005.??.??"]
[Round "?"]
[White "Puobis, Jozef"]
[Black "Hertel, Ondrej"]
[Result "1-0"]
[WhiteElo "2060"]
[BlackElo "1910"]
[Annotator "Gabcikovo - Hlohovec jun."]
[PlyCount "63"]
[EventDate "2004.??.??"]

1. e4 c6 2. Nf3 d5 3. Nc3 Bg4 4. exd5 cxd5 5. Bb5+ Nc6 6. d4 e6 7. h3 Bxf3 8.
Qxf3 Bb4 9. a3 Bd6 10. O-O Nge7 11. Re1 O-O 12. Bxc6 Nxc6 13. Qd3 Rc8 14. Bd2
Bb8 15. Rad1 Qd6 16. g3 Qd7 17. Kg2 f5 18. Ne2 e5 19. dxe5 Nxe5 20. Qb3 Rc4 21.
Bf4 Rd8 22. Nc3 Rxf4 23. gxf4 Ng6 24. Nxd5 Qc6 25. Kg1 Kh8 26. Ne7 Qc7 27.
Rxd8+ Qxd8 28. Nxg6+ hxg6 29. Qf7 Kh7 30. Re7 Qd1+ 31. Kg2 Qd4 32. c3 1-0

[Event "SR 3. liga A2 2004/2005"]
[Site "?"]
[Date "2005.??.??"]
[Round "?"]
[White "Peska, Juraj"]
[Black "Kosar, Mikulas ml"]
[Result "1/2-1/2"]
[WhiteElo "1845"]
[BlackElo "2005"]
[Annotator "Gabcikovo - Hlohovec jun."]
[PlyCount "80"]
[EventDate "2004.??.??"]

1. c4 c6 2. Nc3 Nf6 3. g3 d5 4. cxd5 Nxd5 5. Bg2 Nxc3 6. bxc3 Bf5 7. d3 e5 8.
Nf3 Nd7 9. Be3 Be7 10. Qb3 Qc8 11. Rb1 b6 12. O-O O-O 13. Qa4 b5 14. Qc2 a5 15.
a4 Qa6 16. axb5 cxb5 17. Nh4 Bxh4 18. Bxa8 Rxa8 19. gxh4 Bh3 20. Kh1 Bxf1 21.
Rxf1 Rc8 22. Qb2 Qc6+ 23. f3 Nf6 24. Rb1 Nd5 25. Bd2 f6 26. Qxb5 Qxb5 27. Rxb5
Nxc3 28. Bxc3 Rxc3 29. Rxa5 Rc2 30. e3 Re2 31. e4 Rf2 32. Rd5 Rxf3 33. Kg2 Re3
34. Rd7 h5 35. h3 Kh7 36. Kh2 Kh6 37. Rd6 Rf3 38. Kg2 Rf4 39. Kg3 Kg6 40. Rd7
Rf1 1/2-1/2

[Event "SR 3. liga A2 2004/2005"]
[Site "?"]
[Date "2005.??.??"]
[Round "?"]
[White "Kosar, Mikulas st"]
[Black "Kollarik, Gorazd"]
[Result "1/2-1/2"]
[WhiteElo "2075"]
[BlackElo "1840"]
[Annotator "Gabcikovo - Hlohovec jun."]
[PlyCount "58"]
[EventDate "2004.??.??"]

1. e4 d5 2. exd5 Qxd5 3. Nc3 Qa5 4. Bc4 Nf6 5. h3 Bf5 6. d3 e6 7. Bd2 c6 8. Ne4
Qd8 9. Nxf6+ gxf6 10. g4 Bg6 11. h4 h6 12. h5 Bh7 13. Bc3 Rg8 14. Qe2 Nd7 15.
O-O-O Qc7 16. f3 O-O-O 17. Nh3 Bg7 18. Qf2 Kb8 19. Qh2 Qxh2 20. Rxh2 Nb6 21.
Bb3 Nd5 22. Bd2 Bf8 23. Rhh1 Rd7 24. a3 Kc8 25. Rhg1 Kb8 26. Rg2 Kc8 27. Re1
Kb8 28. Reg1 Kc8 29. Re1 Kb8 1/2-1/2

[Event "SR 3. liga A2 2004/2005"]
[Site "?"]
[Date "2005.??.??"]
[Round "?"]
[White "Skocik, Jozef"]
[Black "Kubica, Adrian"]
[Result "1-0"]
[WhiteElo "1730"]
[BlackElo "1950"]
[Annotator "Gabcikovo - Hlohovec jun."]
[PlyCount "109"]
[EventDate "2004.??.??"]

1. e4 e5 2. Bc4 Nf6 3. Nf3 Bc5 4. d3 d6 5. Bg5 Bg4 6. Nbd2 Nc6 7. c3 a6 8. Nf1
Qe7 9. Ne3 Bxe3 10. Bxe3 h6 11. h3 Bh5 12. Rg1 Nd7 13. g4 Bg6 14. g5 hxg5 15.
Bxg5 f6 16. Be3 Bh5 17. Rg3 Na5 18. Qa4 Nxc4 19. Qxc4 O-O-O 20. Nd2 g5 21. Nb3
Bf7 22. Qb4 Bxb3 23. axb3 Qe6 24. Qc4 Qxc4 25. bxc4 Rh7 26. Kf1 Rdh8 27. Kg2 c5
28. b4 Kc7 29. Rh1 Kb6 30. Rb1 Kc7 31. d4 cxd4 32. cxd4 Kb8 33. c5 dxc5 34.
bxc5 exd4 35. Bxd4 Rc8 36. Rc3 Rf7 37. Kg3 Ne5 38. Ra3 Rc6 39. Rab3 Rcc7 40.
Rb6 Nc4 41. Re6 Nd2 $11 42. Rb4 Rfe7 43. Rxe7 Rxe7 44. f3 Re6 45. Kf2 Nxe4+ 46.
fxe4 Rxe4 47. Bc3 Re6 48. Rb6 Re4 49. Bxf6 g4 50. h4 Kc7 51. h5 Rc4 52. Be7 Re4
53. Bd6+ Kc8 54. h6 Rf4+ 55. Bxf4 1-0

[Event "SR 3. liga A2 2005/2006"]
[Site "?"]
[Date "2005.??.??"]
[Round "?"]
[White "Kovacocy, Pavel"]
[Black "Horak, Ivan"]
[Result "1-0"]
[WhiteElo "2250"]
[BlackElo "2140"]
[PlyCount "143"]
[EventDate "2005.??.??"]

{53MB, J2Q5Q4} 1. e4 c6 2. d4 d5 3. Nc3 dxe4 4. Nxe4 Nd7 5. Bc4 e6 6. Nf3 Ngf6
7. Nxf6+ Nxf6 8. O-O Bd6 9. Qe2 Qc7 10. Bd3 Bf4 11. Ne5 Bxc1 12. Raxc1 O-O 13.
c3 b6 14. Ng4 Nxg4 15. Qxg4 Rd8 16. Rcd1 g6 17. Qh4 Rd5 18. Be2 Bb7 19. Bf3 Qd8
20. Qe4 Rd7 21. Qe5 Qc7 22. Qxc7 Rxc7 23. Rd2 Rac8 24. Rfd1 h5 25. Kf1 Kf8 26.
Ke2 Ke7 27. Ke3 Kf6 28. Be4 Ke7 29. f4 Rd7 30. g3 c5 31. Bxb7 cxd4+ 32. Rxd4
Rxb7 33. R1d2 Rbc7 34. Kd3 Rd8 35. Ke4 Rxd4+ 36. Rxd4 f6 37. c4 a5 38. b3 Rc5
39. a3 e5 40. fxe5 Rxe5+ 41. Kd3 f5 42. Kd2 g5 43. b4 axb4 44. axb4 Re6 45. Rd5
Kf6 46. c5 bxc5 47. Rxc5 g4 48. b5 Kg5 49. Rc4 h4 50. Rb4 hxg3 51. hxg3 Rb6 52.
Ke3 Re6+ 53. Kd3 Rd6+ 54. Kc4 f4 55. gxf4+ Kf5 56. b6 Rd8 57. b7 Rb8 58. Kd3 g3
59. Ke3 Kg4 60. Rb5 g2 61. Rg5+ Kh4 62. Rxg2 Rxb7 63. Ke4 Re7+ 64. Kf5 Rf7+ 65.
Ke5 Re7+ 66. Kf6 Re1 67. f5 Kh5 68. Kf7 Kh6 69. f6 Re3 70. Kf8 Re4 71. f7 Rb4
72. Kg8 1-0

[Event "SR 3. liga A2 2005/2006"]
[Site "?"]
[Date "2005.??.??"]
[Round "?"]
[White "Pribila, Michal"]
[Black "Sarmir, Milos"]
[Result "0-1"]
[WhiteElo "2010"]
[BlackElo "2115"]
[PlyCount "60"]
[EventDate "2005.??.??"]

{53MB, J2Q5Q4} 1. e4 e5 2. Nc3 Nf6 3. Bc4 Bc5 4. d3 O-O 5. h3 c6 6. Bg5 b5 7.
Bb3 a5 8. a4 b4 9. Nce2 d5 10. Ng3 Qb6 11. Qe2 Nbd7 12. exd5 cxd5 13. Nf3 e4
14. dxe4 Ba6 15. Qd2 dxe4 16. Nh2 Rfe8 17. Be3 Ne5 18. Bxc5 Qxc5 19. O-O-O Nd3+
20. Kb1 Nxf2 21. Ng4 N6xg4 22. hxg4 Nxh1 23. Rxh1 Bc4 24. Nf5 e3 25. Qe1 Bxb3
26. cxb3 e2 27. Qh4 h6 28. Ka2 Qe5 29. Re1 Rad8 30. Qg3 Rd1 0-1

[Event "SR 3. liga A2 2005/2006"]
[Site "?"]
[Date "2005.??.??"]
[Round "?"]
[White "Cechovic, Stefan"]
[Black "Pribila, Gerhard"]
[Result "1/2-1/2"]
[WhiteElo "2165"]
[BlackElo "1960"]
[PlyCount "25"]
[EventDate "2005.??.??"]

{53MB, J2Q5Q4} 1. e4 c5 2. Nf3 d6 3. d4 cxd4 4. Nxd4 Nf6 5. Nc3 g6 6. Be2 Bg7
7. O-O O-O 8. Be3 Nc6 9. h3 Bd7 10. Qd2 Rc8 11. Rad1 a6 12. Qc1 Nxd4 13. Bxd4
1/2-1/2

[Event "SR 3. liga A2 2005/2006"]
[Site "?"]
[Date "2005.??.??"]
[Round "?"]
[White "Vach, Jozef"]
[Black "Vlkovic, Pavol"]
[Result "1/2-1/2"]
[WhiteElo "1970"]
[BlackElo "1885"]
[PlyCount "45"]
[EventDate "2005.??.??"]

{53MB, J2Q5Q4} 1. d4 e6 2. c4 f5 3. g3 Nf6 4. Bg2 d5 5. Nc3 c6 6. c5 b6 7. cxb6
axb6 8. Nf3 Be7 9. O-O O-O 10. Re1 c5 11. e3 Nc6 12. b3 Bd7 13. Bb2 Ne4 14. Ne5
Nxe5 15. dxe5 Nxc3 16. Bxc3 b5 17. Qd2 b4 18. Bb2 Qb6 19. Rec1 Rac8 20. Bf1 Bb5
21. Bxb5 Qxb5 22. Rc2 Rc6 23. Qe2 1/2-1/2

[Event "SR 3. liga A2 2005/2006"]
[Site "?"]
[Date "2005.??.??"]
[Round "?"]
[White "Vagovsky, Jozef"]
[Black "Jozefovic, Milan"]
[Result "0-1"]
[WhiteElo "1835"]
[BlackElo "1775"]
[PlyCount "88"]
[EventDate "2005.??.??"]

{53MB, J2Q5Q4} 1. d4 d5 2. Nf3 Nf6 3. c4 e6 4. Nc3 Bb4 5. Qc2 dxc4 6. Bg5 h6 7.
Bxf6 Qxf6 8. Qa4+ Nc6 9. e3 Bd7 10. Qc2 b5 11. Be2 Ne7 12. O-O Bxc3 13. bxc3
Qg6 14. Qb2 Bc6 15. Ne1 O-O 16. Bf3 Nd5 17. Qd2 a6 18. a3 Rab8 19. Bd1 Nf6 20.
f3 Rfd8 21. Bc2 Qg5 22. Qf2 Nd5 23. f4 Qf6 24. Qd2 Ne7 25. e4 Ba8 26. Nf3 Ng6
27. e5 Qxf4 28. Bxg6 Qxd2 29. Bxf7+ Kxf7 30. Nxd2+ Kg8 31. Rf4 c5 32. Nb1 cxd4
33. cxd4 Rf8 34. Rxf8+ Rxf8 35. Nc3 Rd8 36. Rd1 Bc6 37. g3 a5 38. Kf2 b4 39.
axb4 axb4 40. Na2 Rb8 41. Rb1 b3 42. Nc3 Rf8+ 43. Ke2 Bd5 44. Re1 g5 0-1

[Event "SR 3. liga A2 2005/2006"]
[Site "?"]
[Date "2005.??.??"]
[Round "?"]
[White "Kocak, Branislav"]
[Black "Kovacik, Lubomir"]
[Result "1-0"]
[WhiteElo "1705"]
[BlackElo "1775"]
[PlyCount "47"]
[EventDate "2005.??.??"]

{53MB, J2Q5Q4} 1. d4 d5 2. c4 e6 3. Nf3 Nf6 4. Bg5 Be7 5. e3 O-O 6. Bd3 dxc4 7.
Bxc4 b6 8. O-O Bb7 9. Nc3 Nbd7 10. Rc1 c5 11. Qe2 cxd4 12. exd4 h6 13. Bxf6
Nxf6 14. Rfd1 Nd5 15. Nxd5 Bxd5 16. h3 Qd6 17. Bxd5 Qxd5 18. Qc4 Qa5 19. d5
Rac8 20. Qxc8 Rxc8 21. Rxc8+ Kh7 22. d6 Qa4 23. b3 Qd7 24. Rc7 1-0

[Event "SR 3. liga A2 2005/2006"]
[Site "?"]
[Date "2005.??.??"]
[Round "?"]
[White "Hrusovsky, Jan"]
[Black "Zajicek, Ferdinand"]
[Result "1-0"]
[WhiteElo "1730"]
[BlackElo "1725"]
[PlyCount "65"]
[EventDate "2005.??.??"]

{53MB, J2Q5Q4} 1. e4 e5 2. Nf3 Nc6 3. Bb5 d6 4. d4 exd4 5. Nxd4 Bd7 6. O-O Nxd4
7. Bxd7+ Qxd7 8. Qxd4 Nf6 9. e5 Ng8 10. exd6 Qxd6 11. Qe4+ Be7 12. Qxb7 Rd8 13.
Nc3 Nf6 14. Nb5 Qb6 15. Nxc7+ Kf8 16. Qxb6 axb6 17. Be3 Bc5 18. Bxc5+ bxc5 19.
Rfd1 Ke7 20. c4 Rd4 21. Rxd4 cxd4 22. Nb5 d3 23. Re1+ Kd7 24. Rd1 Kc6 25. Rxd3
Kc5 26. b3 Ra8 27. a3 Re8 28. Kf1 h5 29. f3 g5 30. Nd6 Re7 31. b4+ Kc6 32. Nf5
Re5 33. Rd6+ 1-0

[Event "SR 3. liga A2 2005/2006"]
[Site "?"]
[Date "2005.??.??"]
[Round "?"]
[White "Papanek, Lubomir"]
[Black "Liptak, Tomas"]
[Result "1-0"]
[WhiteElo "1690"]
[BlackElo "1625"]
[PlyCount "105"]
[EventDate "2005.??.??"]

{53MB, J2Q5Q4} 1. d4 Nf6 2. c4 g6 3. Nf3 d5 4. e3 Bg7 5. Nc3 c6 6. b3 O-O 7.
Be2 Bg4 8. O-O Ne4 9. Bb2 Nd7 10. Nd2 Nxc3 11. Bxc3 Bxe2 12. Qxe2 c5 13. Nf3
Rc8 14. cxd5 cxd4 15. Bxd4 Bxd4 16. Nxd4 Nb6 17. e4 e6 18. Rfd1 exd5 19. e5 Qe7
20. Rac1 Rfd8 21. e6 fxe6 22. Qxe6+ Qxe6 23. Nxe6 Re8 24. Rxc8 Rxc8 25. Nd4 Kf7
26. Kf1 a6 27. Ke2 Ke7 28. Kd3 Kd7 29. Re1 Rf8 30. f3 Rf6 31. g4 Nc8 32. g5 Rf7
33. Re5 Ne7 34. Ke3 Kd6 35. Re6+ Kd7 36. Rb6 Kc8 37. Rf6 Rg7 38. Ne6 Rg8 39.
Rf8+ Rxf8 40. Nxf8 Kc7 41. Nxh7 Kd6 42. Nf6 Ke5 43. Ng4+ Kf5 44. h4 Ke6 45. Nh6
b6 46. f4 a5 47. a3 Nf5+ 48. Nxf5 Kxf5 49. Kd4 Ke6 50. a4 Kd6 51. f5 gxf5 52.
h5 Ke6 53. h6 1-0

[Event "SR 3. liga A2 2005/2006"]
[Site "?"]
[Date "2005.??.??"]
[Round "?"]
[White "Cvicela, Anton"]
[Black "Kubis, Ivan"]
[Result "1/2-1/2"]
[WhiteElo "2175"]
[BlackElo "2065"]
[PlyCount "35"]
[EventDate "2005.??.??"]

{53MB, J2Q5Q4} 1. e4 e5 2. Nf3 Nc6 3. d4 exd4 4. Nxd4 Nf6 5. Nxc6 bxc6 6. e5
Qe7 7. Qe2 Nd5 8. c4 Ba6 9. g3 g6 10. b3 Bg7 11. Bb2 O-O 12. Nd2 Rfe8 13. f4
Nb4 14. Nf3 c5 15. Kf2 Rad8 16. a3 Nc6 17. Bg2 Na5 18. Qc2 1/2-1/2

[Event "SR 3. liga A2 2005/2006"]
[Site "?"]
[Date "2005.??.??"]
[Round "?"]
[White "Hrubsa, Vladimir"]
[Black "Slamena, Michal"]
[Result "1-0"]
[WhiteElo "2055"]
[BlackElo "2060"]
[PlyCount "143"]
[EventDate "2005.??.??"]

{53MB, J2Q5Q4} 1. e4 e5 2. Nf3 Nc6 3. Bb5 a6 4. Bxc6 dxc6 5. Nc3 Bg4 6. h3 Bxf3
7. Qxf3 Bd6 8. d3 Ne7 9. Bg5 Qd7 10. O-O-O O-O-O 11. Kb1 f6 12. Be3 f5 13. exf5
Nxf5 14. Rhe1 Rhf8 15. Qe4 c5 16. f3 g6 17. Bg1 Nd4 18. Ne2 Nxe2 19. Qxe2 Rde8
20. Qd2 b5 21. Qa5 Qc6 22. Re4 Kd7 23. Qd2 b4 24. Rde1 Re7 25. Be3 a5 26. Qf2
Rb8 27. Bg5 Re6 28. Qh4 h5 29. Bf6 Qd5 30. Qg5 Rf8 31. Bg7 Rf7 32. Bh6 a4 33.
Qe3 b3 34. Rxa4 bxc2+ 35. Kxc2 Rf5 36. Qe4 c6 37. Ra7+ Bc7 38. Be3 Kd6 39.
Qxd5+ cxd5 40. Ra6+ Kd7 41. Rxe6 Kxe6 42. Bxc5 Rf4 43. Be3 Ra4 44. Kb3 Ra5 45.
a4 Ra8 46. Rc1 d4 47. Bd2 Bd6 48. Rc4 Kd7 49. a5 g5 50. Ka4 g4 51. hxg4 hxg4
52. fxg4 Rf8 53. Rc1 Rf2 54. Rd1 Rxg2 55. Kb5 Rxg4 56. Kc4 Rg8 57. b4 Rc8+ 58.
Kb3 Ke6 59. b5 Rc5 60. Ka4 Rc2 61. Bb4 Ra2+ 62. Kb3 Bxb4 63. Kxa2 Bxa5 64. Kb3
Kd5 65. Rf1 Bc7 66. Kb4 e4 67. Rf5+ Be5 68. b6 e3 69. b7 Ke6 70. Rxe5+ Kxe5 71.
b8=Q+ Kf5 72. Qg3 1-0